000 00620 a2200193 4500
005 20240530142522.0
010 _aB-759276
020 _a9789357312790
_c499.00
035 _aB-759276
037 _bGift
082 _aS
100 _aMenon, Sreelata
_967121
245 _aThe Fearless Twin and other Sibling Stories from Mythology/
_cSreelata Menon
260 _aGurugram
_bHachette Book Publishing India Pvt. Ltd.
_c2023
270 _a4th &5th Floor Corporate Centre Plot No-94 Sector-44
_bGurugram
_e122003
300 _a218 p.
_c19 cm(Pb)
942 _adpl
_cCH
_2ddc
_hS
_mMEN
999 _c203405
_d203405